000 00450nmm a2200157Ia 4500
008 251105s9999||||xx |||||||||||||||||und||
020 _a9789560105929
041 _aspa
100 _aPeña Muñoz, Manuel
245 0 _aEl niño del pasaje
264 _a[Santiago de Chile, Chile] :
_bRil editores,
_c2018
300 _a244 páginas
650 _aLatin American narrative
856 _uhttps://public.digitaliapublishing.com/a/65391
942 _cCF
999 _c93957
_d93957